[Event "Challenge"]
[Site "http://www.queenalice.com/game.php?id=1832011"]
[Date "2024.2.21"]
[Round "-"]
[White "jbliborio"]
[Black "AdilsonGomes"]
[Result "0-1"]
[WhiteElo "1213"]
[BlackElo "1761"]

1. e4 b6 2. d4 Bb7 3. Nc3 e6 4. e5 d6 5. Nf3 Nd7 6. Bb5 c6 7. Bd3 d5 8. O-O h6
9. b3 a5 10. g3 Ne7 11. a4 c5 12. dxc5 Nxc5 13. Ba3 Nxd3 14. cxd3 Qc7 15. Bb2
Nc6 16. d4 Ba6 17. Nb5 Bxb5 18. axb5 Ne7 19. Rc1 Qd7 20. Qd3 Nc8 21. Nd2 h5 22.
Nf3 Ne7 23. Ba3 g6 24. h4 Nf5 25. Bxf8 Rxf8 26. Ng5 a4 27. Nh7 Qe7 28. Nxf8 Kxf8
29. Ra1 a3 30. Qe2 Nxd4 31. Qe3 Nc2 32. Qh6+ Kg8 33. Rac1 Rc8 34. Qd2 Qc5 35.
Qe2 Qb4 36. Rxc2 Rxc2 37. Qxc2 Qxb5 38. Qc8+ Kg7 39. Ra1 Qxb3 40. Kg2 b5 41. f3
Qb2+ 0-1

[Event "Challenge"]
[Site "http://www.queenalice.com/game.php?id=1833546"]
[Date "2024.3.15"]
[Round "-"]
[White "rhardt"]
[Black "jbliborio"]
[Result "1-0"]
[WhiteElo "1970"]
[BlackElo "1211"]

1. d4 e5 2. dxe5 Nc6 3. Nf3 Qe7 4. Nc3 f6 5. exf6 Qxf6 6. e4 Qe6 7. Ng5 Qg6 8.
Bd3 h6 9. Nf3 Nf6 10. e5 Qxg2 11. Rg1 Qh3 12. exf6 d5 13. fxg7 1-0

[Event "Challenge"]
[Site "http://www.queenalice.com/game.php?id=1836003"]
[Date "2024.4.30"]
[Round "-"]
[White "AdilsonGomes"]
[Black "jbliborio"]
[Result "1-0"]
[WhiteElo "1825"]
[BlackElo "1209"]

1. e4 e5 2. Nf3 Nc6 3. c3 Nf6 4. d4 Nxe4 5. d5 Bc5 6. Be3 Bxe3 7. fxe3 Ne7 8.
Nxe5 f6 9. Qd4 Nd6 10. Nf3 Ndf5 11. Qe4 O-O 12. Nbd2 d6 13. Bd3 c6 14. dxc6 g6
15. cxb7 Bxb7 16. Qxb7 1-0

[Event "Challenge"]
[Site "http://www.queenalice.com/game.php?id=1836004"]
[Date "2024.4.30"]
[Round "-"]
[White "jbliborio"]
[Black "AdilsonGomes"]
[Result "0-1"]
[WhiteElo "1207"]
[BlackElo "1855"]

1. e4 d6 2. d4 Nf6 3. f3 c5 4. d5 g6 5. Bb5+ Bd7 6. Nc3 a6 7. Bxd7+ Nbxd7 8.
Nge2 Bg7 9. Be3 b5 10. b3 Qa5 11. Bd2 O-O 12. a4 b4 13. Nb1 Nxe4 14. c3 Nxd2 15.
Qxd2 bxc3 16. Nexc3 Nb6 17. b4 Qxb4 18. a5 Nxd5 19. Ra4 Qxb1+ 20. Nxb1 Rab8 21.
Ke2 Rb2 0-1

[Event "Challenge"]
[Site "http://www.queenalice.com/game.php?id=1839260"]
[Date "2024.6.26"]
[Round "-"]
[White "rhardt"]
[Black "jbliborio"]
[Result "1-0"]
[WhiteElo "1974"]
[BlackElo "1205"]

1. c4 e6 2. Nc3 d5 3. cxd5 exd5 4. d4 Nf6 5. Qc2 Bd7 6. e4 Bb4 7. Bd3 Nc6 8. Nf3
O-O 9. O-O Bd6 10. e5 Ne4 11. exd6 1-0

[Event "Challenge"]
[Site "http://www.queenalice.com/game.php?id=1840840"]
[Date "2024.7.25"]
[Round "-"]
[White "rhardt"]
[Black "jbliborio"]
[Result "1-0"]
[WhiteElo "1979"]
[BlackElo "1193"]

1. c4 e6 2. d4 Bb4+ 3. Bd2 Qe7 4. Nf3 d5 5. c5 Bxd2+ 6. Nbxd2 Nf6 7. Qc2 O-O 8.
e4 dxe4 9. Nxe4 Nxe4 10. Qxe4 Nc6 11. Bd3 f5 12. Qh4 e5 13. Qxe7 Nxe7 14. dxe5
Be6 15. Ng5 Bd5 16. b3 Rad8 17. O-O-O Bxg2 18. Rhg1 Bd5 19. e6 h6 20. Nf7 Rd7
21. Nxh6+ Kh7 22. exd7 1-0

[Event "Challenge"]
[Site "http://www.queenalice.com/game.php?id=1841112"]
[Date "2024.7.29"]
[Round "-"]
[White "jbliborio"]
[Black "Aquarebel"]
[Result "0-1"]
[WhiteElo "1203"]
[BlackElo "1357"]

1. e4 d5 2. exd5 Qxd5 3. Nc3 Qd7 4. Bb5 c6 5. Bc4 e6 6. Nf3 b5 7. Bb3 f5 8. Ne5
Qd6 9. d4 Qd8 10. O-O Ba6 11. a3 b4 12. Qh5+ g6 13. Qf3 Qxd4 14. Bf4 bxc3 15.
Rac1 Bxf1 0-1

[Event "Challenge"]
[Site "http://www.queenalice.com/game.php?id=1843574"]
[Date "2024.9.12"]
[Round "-"]
[White "rhardt"]
[Black "jbliborio"]
[Result "1-0"]
[WhiteElo "1995"]
[BlackElo "1191"]

1. c4 c6 2. Nc3 d5 3. cxd5 cxd5 4. d4 Nf6 5. Nf3 Nc6 6. Qc2 e6 7. e4 dxe4 8.
Nxe4 Nxd4 9. Qa4+ Ke7 10. Nxf6 Qb6 11. Nxd4 gxf6 12. Be2 Bd7 13. Qd1 e5 14. Nb3
Kd8 15. O-O 1-0

[Event "Challenge"]
[Site "http://www.queenalice.com/game.php?id=1848016"]
[Date "2024.11.28"]
[Round "-"]
[White "rhardt"]
[Black "jbliborio"]
[Result "1-0"]
[WhiteElo "2001"]
[BlackElo "1185"]

1. c4 c6 2. Nc3 d5 3. cxd5 cxd5 4. d4 Nf6 5. Bg5 h6 6. Bxf6 gxf6 7. e4 e6 8.
exd5 exd5 9. Nf3 Qe7+ 10. Qe2 Qxe2+ 11. Bxe2 a6 12. Nxd5 Be6 13. Nc7+ 1-0

[Event "Challenge"]
[Site "http://www.queenalice.com/game.php?id=1849931"]
[Date "2025.1.6"]
[Round "-"]
[White "rhardt"]
[Black "jbliborio"]
[Result "1-0"]
[WhiteElo "1973"]
[BlackElo "1195"]

1. c4 b6 2. Nc3 Bb7 3. d4 e6 4. b3 c5 5. e3 Nc6 6. d5 exd5 7. Nxd5 Ne5 8. Nf3
Nxf3+ 9. Qxf3 Nf6 10. Bd3 Bd6 11. e4 Nxd5 12. exd5 O-O 13. O-O a5 14. Qg4 Be5
15. Rb1 Bc8 16. Qh3 g6 17. Re1 d6 18. Qf3 Qf6 19. Qxf6 Bxf6 20. h3 Bf5 21. Bxf5
gxf5 22. Bf4 Bc3 23. Re3 Bg7 24. Rg3 Kh8 25. Re1 Bc3 26. Bh6 Bxe1 27. Bg7+ 1-0

[Event "Challenge"]
[Site "http://www.queenalice.com/game.php?id=1854935"]
[Date "2025.4.3"]
[Round "-"]
[White "rhardt"]
[Black "jbliborio"]
[Result "1-0"]
[WhiteElo "1975"]
[BlackElo "1195"]

1. c4 e5 2. Nc3 Bb4 3. Qb3 c5 4. Nd5 Nf6 5. Nxb4 O-O 6. Nd5 Nc6 7. e3 b6 8. Bd3
e4 9. Bb1 d6 10. a3 Ba6 11. d3 exd3 12. Nxf6+ gxf6 13. Qxd3 1-0

[Event "Challenge"]
[Site "http://www.queenalice.com/game.php?id=1857529"]
[Date "2025.5.19"]
[Round "-"]
[White "rhardt"]
[Black "jbliborio"]
[Result "1-0"]
[WhiteElo "1988"]
[BlackElo "1190"]

1. c4 Nf6 2. Nc3 d5 3. cxd5 Nxd5 4. e4 Nxc3 5. bxc3 c5 6. d4 e6 7. Nf3 Nc6 8.
Bc4 Be7 9. O-O O-O 10. Be3 f6 11. Qc2 b6 12. a4 cxd4 13. cxd4 f5 14. Ng5 Nxd4
15. Qa2 h6 16. Bxe6+ Bxe6 17. Nxe6 1-0

[Event "AUTO-BEG-689"]
[Site "http://www.queenalice.com/game.php?id=1862216"]
[Date "2025.8.28"]
[Round "1"]
[White "nuzera"]
[Black "jbliborio"]
[Result "1-0"]
[WhiteElo "1405"]
[BlackElo "1167"]

1. e4 e5 2. d4 d6 3. dxe5 dxe5 4. Qh5 Nf6 5. Qxe5+ Be7 6. Qg3 Nxe4 7. Qxg7 Kd7
8. Qg4+ Kc6 9. Qxe4+ Kd7 10. Qd4+ Bd6 11. Bg5 Qxg5 12. Qxh8 1-0

[Event "AUTO-BEG-689"]
[Site "http://www.queenalice.com/game.php?id=1862217"]
[Date "2025.8.28"]
[Round "1"]
[White "jbliborio"]
[Black "nuzera"]
[Result "1-0"]
[WhiteElo "1161"]
[BlackElo "1298"]

1. e4 e5 2. Nf3 d5 3. d3 Bg4 4. Be2 dxe4 5. Nxe5 Be6 6. O-O Qf6 7. d4 c5 8. Ng4
Bxg4 9. Bxg4 Qxd4 10. Qxd4 cxd4 11. c3 d3 12. Nd2 Nf6 13. f3 1-0